Production and Applications of Polypropylene Textiles (Record no. 4511)

MARC details
000 -LEADER
fixed length control field 00320nam a2200121Ia 4500
008 - FIXED-LENGTH DATA ELEMENTS--GENERAL INFORMATION
fixed length control field 191201s1983 xx 000 0 und d
100 ## - MAIN ENTRY--PERSONAL NAME
Personal name PAJGRT, Oldrich
245 #0 - TITLE STATEMENT
Title Production and Applications of Polypropylene Textiles
260 ## - PUBLICATION, DISTRIBUTION, ETC. (IMPRINT)
Place of publication, distribution, etc New York
Name of publisher, distributor, etc Elsevier
Date of publication, distribution, etc 1983
300 ## - PHYSICAL DESCRIPTION
Extent 389
650 ## - SUBJECT ADDED ENTRY--TOPICAL TERM
Topical term or geographic name as entry element B.Tech(TE)
942 ## - ADDED ENTRY ELEMENTS (KOHA)
Source of classification or shelving scheme Dewey Decimal Classification
Koha item type Text Books
Holdings
Withdrawn status Lost status Source of classification or shelving scheme Damaged status Not for loan Collection code Home library Current library Date acquired Source of acquisition Cost, normal purchase price Serial Enumeration / chronologySerial Enumeration / Volume No. Bill Number Total Checkouts Acc. no. / Barcode Date last seen Bill Date Koha item type
    Dewey Decimal Classification     B.Tech(TE) PIET C-LIBRARY PIET C-LIBRARY 27/04/2010 Indian International Text Book 17678.00 VI 1284   15356 04/12/2019 19/02/2010 Text Books
    Dewey Decimal Classification     B.Tech(TE) PIET C-LIBRARY PIET C-LIBRARY 27/04/2010 Indian International Text Book 17678.00 VI 1284   15357 04/12/2019 19/02/2010 Text Books
    Dewey Decimal Classification     B.Tech(TE) PIET C-LIBRARY PIET C-LIBRARY 27/04/2010 Indian International Text Book 17678.00 VI 1284   15358 04/12/2019 19/02/2010 Text Books

Design & Developed by: PIET Central Library
R70 Miles Stone Pattikalyana Samalkha Panipat 132102
mail ID :- [email protected], Phone No:- 0180-2569700 Ex.216